LEADER 00702naa a2200157 i 4500 001 000000318330 003 CaOOAMICUS 005 20180831173245.0 008 180831n it u000 u ita u 013 $a27652 040 $aSeMil$bita 100 1 $aGrillo, Andrea,$d<1961- >.$0(OLS)http://semarc/name/2664 245 13$aIl lavoro della parola nella liturgia: verità dimenticate ed evidenze sospette. 650 4$aLiturgia e Parola di Dio.$0(OLS)http://semarc/subject/17482 773 0 $tEfficacia della Parola.$dBologna : EDB, 2011.$kFede e annuncio$z978-88-10-20357-6$gp.29-50$w()201312 996 $6245$aIl lavoro della parola nella liturgia: verità dimenticate ed evidenze sospette$9(OLS)http://semarc/title/392223 LEADER 01380nam a2200289 i 4500 001 000000056589 003 CaOOAMICUS 005 20091008000000.0 008 091008s1975 it u000 u ita u 013 $a27761 040 $aSeMil$bita 100 1 $aMerton, Thomas,$c .$0(OLS)http://semarc/name/6860 240 14$aThe Asian journal of Thomas Merton.$0(OLS)http://semarc/title/88015 245 10$aDiario asiatico :$bdagli appunti originali /$cThomas Merton a cura di Naomi Burton e James Laughlin ; con la consulenza di Amiya Chakravarty. 260 $aMilano :$bGarzanti,$c1975. 300 $a377 p., [20] p. di tav. :$bill. ;$c22 cm. 650 4$aDiari e memorie.$0(OLS)http://semarc/subject/12810 650 4$aMerton, Thomas <1915-1968> - Diario.$0(OLS)http://semarc/subject/11456 700 1 $aChakravarty, Amiya.$0(OLS)http://semarc/name/28644 700 1 $aLaughlin, James.$0(OLS)http://semarc/name/28643 700 1 $aBurton, Naomi.$0(OLS)http://semarc/name/28642 773 0 $tOpere di Thomas Merton.$dMilano : Garzanti, [1964]$w()22126 850 $aSeMil 852 $aSeMil$W1$xVenegono$y1$m3D II 150$j22743$B22743$CSeMilBibl$Z2$F22745 $81 961 $aOmaggio: Donazione 996 $6245$aDiario asiatico :$bdagli appunti originali$9(OLS)http://semarc/title/88014 996 $6260$aMilano :$bGarzanti$9(OLS)http://semarc/publisher/29852 LEADER 00670naa a2200157 i 4500 001 000000297420 003 CaOOAMICUS 005 20180831172604.0 008 180831n xx u000 u und u 013 $a4946 040 $aSeMil$bita 100 1 $aBarbaglio, Giuseppe,$d<1934-2007>.$0(OLS)http://semarc/name/2630 245 10$aAnalisi formale di 1 Ts 4-5. 650 4$aBibbia - NT - Lettere ai Tessalonicesi - Commentari, studi, critica, interpretazioni.$0(OLS)http://semarc/subject/16269 773 0 $tPatrimonium fidei.$dRoma : Pontificio Ateneo S. Anselmo, 1997.$kStudia Anselmiana$z88-8139-083-3$w()59106 996 $6245$aAnalisi formale di 1 Ts 4-5$9(OLS)http://semarc/title/373453